[Event "Kurgan"]
[Site "Kurgan"]
[Date "1994.??.??"]
[Round "7"]
[White "Chuprov, A."]
[Black "Rublevsky, Sergei"]
[Result "0-1"]
[WhiteElo "2410"]
[BlackElo "2550"]

1.e4 c5 2.Nf3 e6 3.c3 d5 4.exd5 exd5 5.d4 Nc6 6.Be3 c4 7.b3 cxb3 8.axb3 Bd6
9.Nbd2 Nf6 10.Bd3 O-O 11.O-O h6 12.Re1 Re8 13.Qc2 Bd7 14.b4 Rc8 15.Qa2 a6
16.Nb3 Ne4 17.Nc5 Nxc3 18.Qb3 Bxc5 19.bxc5 Nb5 20.h3 Qf6 21.Qxd5 Rcd8 22.Qb3 Be6
23.Qb2 Bd5 24.Be2 Bxf3 25.Bxf3 Ncxd4 26.Bxd4 Nxd4 27.Qxb7 Nxf3+ 28.Qxf3 Rxe1+
29.Rxe1 Qxf3 30.gxf3 Rc8 31.Ra1 Rc6 32.Kf1 Kf8 33.Ke2 Rxc5 34.Rxa6 Rh5 35.Kf1 Rxh3
36.Kg2 Rh5 37.Ra8+ Ke7 38.Ra7+ Kf6 39.Ra6+ Kf5 40.Ra5+ Kg6 41.Ra6+ f6 42.f4 Rb5
43.Ra7 Rb3 44.f5+ Kh7 45.Ra5 h5 46.f4 h4 47.Rc5 Kh6 48.Rc8 Rg3+ 49.Kf2 Kh5
50.Rg8 g5 51.fxg6 Rxg6 52.Rh8+ Kg4 53.f5 Rg5 54.Kg2 Rxf5 55.Rg8+ Rg5 56.Ra8 f5
57.Ra4+ f4 58.Ra8 Rg6 59.Ra7 Rg8 60.Rb7 Rg5 61.Rb8 Rg6 62.Ra8 Rg7 63.Rb8 Re7
64.Rg8+ Kf5 65.Rf8+ Ke4 66.Ra8 Re6 67.Rb8 Kf5 68.Rf8+ Kg5 69.Rg8+ Rg6 70.Rb8 Kg4
71.Ra8 h3+ 72.Kh2 Re6 73.Rg8+ Kf3 74.Ra8 Re1 75.Ra7 Rd1 76.Ra8 Kg4 77.Rg8+ Kf3
78.Ra8 Rd7 79.Ra6 Kg4 80.Rg6+ Kf5 81.Ra6 Rd3 82.Ra8 Re3 83.Ra7 Kg4 84.Rg7+ Kf3
85.Rf7 Rd3 86.Ra7 Ke4 87.Re7+ Kd4 88.Ra7 Re3 89.Rd7+ Ke4 90.Re7+ Kd3 91.Ra7 Ke2
92.Ra1 Kf2 93.Rb1 Re1 94.Rb2+ Kf1 95.Rb3 Re2+ 96.Kh1 Re3 97.Rb1+ Re1 98.Rb3 f3  0-1

[Event "Kurgan"]
[Site "Kurgan"]
[Date "1994.??.??"]
[Round "9"]
[White "Predein, V."]
[Black "Rublevsky, Sergei"]
[Result "1/2-1/2"]
[WhiteElo "2360"]
[BlackElo "2550"]

1.c4 e5 2.Nc3 Bb4 3.g3 Nf6 4.Bg2 O-O 5.d3 Re8 6.e4 c6 7.Ne2 d5 8.exd5 cxd5
9.O-O d4 10.Nd5 Nxd5 11.Bxd5 Nd7 12.a3 Bf8 13.b4 a5 14.Rb1 axb4 15.axb4 Nf6
16.Bg5 Bh3 17.Re1 h6 18.Bxf6 Qxf6 19.Nc1 Bd7 20.b5 Ra7 21.Qe2 Qg6 22.Qf3 b6
23.Be4 Bg4 24.Qg2 Bf5 25.Bc6 Re6 26.Bd5 Re8 27.Bc6 Re6 28.Bd5 Re8  1/2-1/2

[Event "Kurgan"]
[Site "Kurgan"]
[Date "1994.??.??"]
[Round "10"]
[White "Rublevsky, Sergei"]
[Black "Mochalov, Evgeny V"]
[Result "1-0"]
[WhiteElo "2550"]
[BlackElo "2450"]

1.e4 c5 2.Nf3 e6 3.c4 Nc6 4.Nc3 g5 5.d3 h6 6.Be3 d6 7.h3 e5 8.Nd5 Bg7 9.a3 Nge7
10.b4 b6 11.Be2 Nxd5 12.cxd5 Nd4 13.bxc5 bxc5 14.Nd2 Nxe2 15.Qxe2 O-O 16.Nc4 f5
17.f3 fxe4 18.fxe4 Rb8 19.Bf2 Rf4 20.O-O g4 21.hxg4 Bxg4 22.Qd2 Qg5 23.Nxd6 Kh7
24.Be3 Rg8 25.Rab1 Qg6 26.Bxf4 exf4 27.Qxf4 Bh3 28.Rf2 Bd4 29.Rb7+ Rg7 30.Rxg7+ Qxg7
31.Qf7 Qxf7 32.Nxf7 Bg4 33.Kf1 Bxf2 34.Kxf2 Kg7 35.Ne5 Bd1 36.Ke3 h5 37.Nd7  1-0

[Event "Moscow ol (Men)"]
[Site "Moscow"]
[Date "1994.??.??"]
[Round "1"]
[White "Rublevsky, Sergei"]
[Black "Thomsen, Torbjorn"]
[Result "1-0"]
[WhiteElo "2565"]
[BlackElo "2195"]

1.e4 e6 2.d4 d5 3.Nd2 c5 4.Ngf3 cxd4 5.exd5 Qxd5 6.Bc4 Qd8 7.O-O Nf6 8.Nb3 Nc6
9.Nbxd4 Nxd4 10.Nxd4 a6 11.Bf4 Be7 12.c3 O-O 13.Qf3 Qb6 14.Bb3 Bd7 15.Rad1 Rfd8
16.Rfe1 Bc6 17.Nxc6 bxc6 18.Be5 Rac8 19.Qe2 Kf8 20.h3 Nd7 21.Bf4 c5 22.Bc4 Nb8
23.b3 Bf6 24.Qf3 a5 25.a4 Qc6 26.Qg3 Nd7 27.Rd6 Qa8 28.Ra6 Qb7 29.Rxa5 e5
30.Be3 Qc7 31.Rb5 Rb8 32.Rd1 Be7 33.Qf3 Nf6 34.Rxd8+ Rxd8 35.Qb7 Qxb7 36.Rxb7 Ne4
37.Rc7 Nxc3 38.Bxc5 Bxc5 39.Rxc5 Ne4 40.Rxe5 Rd1+ 41.Kh2 Nd2 42.Bb5 g6 43.b4 f5
44.a5 Ne4 45.a6  1-0

[Event "Moscow ol (Men)"]
[Site "Moscow"]
[Date "1994.??.??"]
[Round "13"]
[White "Kurajica, Bojan"]
[Black "Rublevsky, Sergei"]
[Result "0-1"]
[WhiteElo "2565"]
[BlackElo "2565"]

1.d4 d5 2.c4 dxc4 3.e3 Nf6 4.Bxc4 e6 5.a3 c5 6.Nf3 a6 7.O-O b5 8.Ba2 Bb7
9.Nc3 Nbd7 10.Qe2 Qc7 11.dxc5 Bxc5 12.e4 O-O 13.Bd2 Rac8 14.Rac1 Qb8 15.Bb1 Nb6
16.Na2 Nc4 17.Bc3 Qf4 18.Rce1 Rfd8 19.Nc1 Bb6 20.Bd3 Ng4 21.g3 Qh6 22.h4 Qg6
23.Kg2 f5 24.exf5 exf5 25.Qe6+ Qxe6 26.Rxe6 Bxf3+ 27.Kxf3 Nh2+ 28.Kg2 Nxf1
29.Bxc4 Rxc4 30.Rxb6 Nd2 31.Rxa6 Ne4 32.Ne2 Nxc3 33.bxc3 Rb8 34.Nd4 f4 35.gxf4 Rxc3
36.Ra7 Rc4 37.Ne6 g6 38.Rg7+ Kh8 39.Rd7 Ra4 40.Ng5 Rxa3 41.Nxh7 Ra6 42.f5 gxf5
43.Ng5 b4 44.Nf7+ Kg8 45.h5  0-1

[Event "St Petersburg op"]
[Site "St Petersburg"]
[Date "1994.??.??"]
[Round "1"]
[White "Doroshkievich, Vladimir K"]
[Black "Rublevsky, Sergei"]
[Result "0-1"]
[WhiteElo "2410"]
[BlackElo "2550"]

1.d4 d5 2.c4 dxc4 3.e3 Nf6 4.Bxc4 e6 5.Nf3 c5 6.dxc5 Qxd1+ 7.Kxd1 Bxc5 8.Ke2 Nbd7
9.a3 O-O 10.Rd1 Be7 11.Nc3 b6 12.e4 Bb7 13.Bg5 Rac8 14.Bxf6 Nxf6 15.Bd3 Nd7
16.Bc2 Rc7 17.Rd2 Rfc8 18.Rad1 Nf6 19.e5 Nd5 20.Nxd5 Bxd5 21.Bd3 Rc5 22.Ba6 R8c7
23.Bd3 h5 24.g3 g5 25.Nd4 g4 26.f4 gxf3+ 27.Nxf3 Bf8 28.Kf2 Bb3 29.Re1 Bh6
30.Rde2 Rd7 31.Bb1 Bd1 32.Re4 Rc1 33.Ba2 Rc2+ 34.R1e2 Rxe2+  0-1

[Event "St Petersburg op"]
[Site "St Petersburg"]
[Date "1994.??.??"]
[Round "2"]
[White "Rublevsky, Sergei"]
[Black "Lukin, Andrei M"]
[Result "1-0"]
[WhiteElo "2550"]
[BlackElo "2440"]

1.e4 c5 2.Nf3 d6 3.d4 cxd4 4.Nxd4 Nf6 5.Nc3 Nc6 6.Bc4 Qb6 7.Nb3 e6 8.Bg5 Ne5
9.Be2 Be7 10.O-O O-O 11.Kh1 Bd7 12.f4 Ng6 13.Bh5 Nxh5 14.Bxe7 Ng3+ 15.hxg3 Nxe7
16.g4 Rad8 17.Qd2 f6 18.Rad1 e5 19.Qxd6 Qxd6 20.Rxd6 Bxg4 21.fxe5 fxe5 22.Rxf8+ Rxf8
23.Nc5 Rf2 24.Nd3 Rf1+ 25.Kh2 Nc6 26.Nd5 Rf7 27.b4 h5 28.b5 Na5 29.Nxe5 Rf2
30.c4 Rc2 31.Ne3 Rxa2 32.c5 Ra3 33.Nd5 Ra4 34.Nxg4 hxg4 35.e5 Re4  1-0

[Event "St Petersburg op"]
[Site "St Petersburg"]
[Date "1994.??.??"]
[Round "6"]
[White "Rublevsky, Sergei"]
[Black "Ryskin, Alexander"]
[Result "1/2-1/2"]
[WhiteElo "2550"]
[BlackElo "2500"]

1.e4 c5 2.Nf3 d6 3.d4 cxd4 4.Nxd4 Nf6 5.Nc3 Nc6 6.Bc4 e6 7.Be3 Be7 8.Qe2 O-O
9.O-O-O a6 10.Bb3 Nd7 11.Kb1 Nxd4 12.Bxd4 b5 13.e5 dxe5 14.Bxe5 Qb6 15.Bf4 Nc5
16.Nd5 exd5 17.Qxe7 Nxb3 18.axb3 Bf5 19.Rd2 Rfc8 20.Qd6 Qxd6 21.Bxd6 Rc6
22.Be7 Rac8 23.Rhd1 f6 24.b4 Bg6  1/2-1/2

[Event "St Petersburg op"]
[Site "St Petersburg"]
[Date "1994.??.??"]
[Round "9"]
[White "Zarubin, Pavel"]
[Black "Rublevsky, Sergei"]
[Result "1/2-1/2"]
[WhiteElo "2410"]
[BlackElo "2550"]

1.d4 d5 2.c4 c6 3.e3 Nf6 4.Nf3 Bg4 5.h3 Bxf3 6.Qxf3 e6 7.Nc3 Nbd7 8.Bd3 Bb4
9.Bd2 dxc4 10.Bxc4 e5 11.a3 Ba5 12.O-O O-O 13.Rad1 Bc7 14.Ba2 exd4 15.exd4 h6  1/2-1/2

[Event "RUS-ch"]
[Site "Elista"]
[Date "1995.??.??"]
[Round "1"]
[White "Rublevsky, Sergei"]
[Black "Burmakin, Vladimir"]
[Result "1/2-1/2"]
[WhiteElo "2595"]
[BlackElo "2500"]

1.e4 c6 2.d4 d5 3.Nd2 dxe4 4.Nxe4 Bf5 5.Nc5 Qc8 6.Nf3 Nf6 7.Bf4 e6 8.Ne5 Nbd7
9.g4 Bg6 10.Ncxd7 Nxd7 11.Nxg6 hxg6 12.Qf3 Qd8 13.O-O-O g5 14.Bg3 Nf6 15.Bc4 Bd6
16.h4 Bxg3  1/2-1/2

[Event "RUS-ch"]
[Site "Elista"]
[Date "1995.??.??"]
[Round "3"]
[White "Rublevsky, Sergei"]
[Black "Balashov, Yuri S"]
[Result "1/2-1/2"]
[WhiteElo "2595"]
[BlackElo "2490"]

1.e4 d6 2.d4 Nf6 3.Nd2 Nc6 4.Ngf3 e5 5.c3 Be7 6.Be2 O-O 7.O-O Re8 8.Re1 Bf8
9.Bb5 Bd7 10.d5 Nb8 11.Bxd7 Nbxd7 12.Nc4 Qc8 13.Bg5 c6 14.dxc6 Qxc6 15.Ncd2 h6
16.Bxf6 Nxf6 17.c4 Be7 18.Qe2 Bd8 19.Rac1 Rc8 20.b3 Ba5 21.Qd3 b5 22.Re2 Bxd2
23.Nxd2 d5 24.c5 Red8 25.Qf3 b4 26.exd5 Rxd5 27.Ne4 Nxe4 28.Rxe4 Rxc5 29.Rxc5 Qxc5
30.h3 Qd6 31.Qe3 Rc5  1/2-1/2

[Event "RUS-ch"]
[Site "Elista"]
[Date "1995.??.??"]
[Round "6"]
[White "Ruban, Vadim"]
[Black "Rublevsky, Sergei"]
[Result "1-0"]
[WhiteElo "2535"]
[BlackElo "2595"]

1.d4 d5 2.c4 dxc4 3.Nf3 a6 4.e3 Nf6 5.Bxc4 e6 6.Qe2 c5 7.dxc5 Bxc5 8.O-O b5
9.Bd3 Nc6 10.Nc3 Bb7 11.Ne4 Be7 12.Bd2 O-O 13.Rac1 Qd5 14.Nxf6+ Bxf6 15.e4 Qxa2
16.e5 Be7 17.Be4 Rac8 18.Qe3 Nd8 19.Rxc8 Bxc8 20.Qa7 Re8 21.Rc1 Qa4 22.Rxc8 Qxe4
23.Qxe7 Qb1+ 24.Be1  1-0

[Event "RUS-ch"]
[Site "Elista"]
[Date "1995.??.??"]
[Round "7"]
[White "Rublevsky, Sergei"]
[Black "Lastin, Alexander"]
[Result "0-1"]
[WhiteElo "2595"]
[BlackElo "2465"]

1.e4 d5 2.exd5 Qxd5 3.Nc3 Qa5 4.d4 Nf6 5.Nf3 c6 6.Bc4 Bf5 7.Ne5 e6 8.g4 Bg6
9.h4 Nbd7 10.Nxd7 Nxd7 11.h5 Be4 12.Rh3 Bd5 13.Bd3 O-O-O 14.Bd2 Qb6 15.Nxd5 exd5
16.c3 Qxb2 17.Rf3 f6 18.Rb1 Qa3 19.c4 dxc4 20.Bxc4 Qe7+ 21.Re3 Qd6 22.Re6 Qxd4
23.Ba6 Nc5 24.Rxc6+ Kd7 25.Rxc5 Bxc5 26.Rxb7+ Kc6 27.Qf3+ Rd5 28.Bc3 Re8+
29.Kf1 Qd1+ 30.Kg2 Qxf3+ 31.Kxf3 Re7 32.Rb8 Bd6 33.Rh8 h6 34.a4 f5 35.Bb5+ Kb7
36.Rd8 fxg4+ 37.Kg2 g3 38.fxg3 Re3 39.Ba5 Rxg3+ 40.Kf2 Rf5+ 41.Ke2 Bc7 42.Rd7 Rc5
43.Bxc7 Rxc7 44.Ba6+ Kb6 45.a5+ Kxa5 46.Rxc7 Kxa6 47.Kf2 Rg5 48.Ke3 Kb6 49.Rf7 a5
50.Kd4 Kc6 51.Ra7 Kd6 52.Kc4 Ke6 53.Kb3 Kf6 54.Ra6+ Kf7  0-1

[Event "Kurgan"]
[Site "Kurgan"]
[Date "1995.??.??"]
[Round "4"]
[White "Komliakov, Viktor"]
[Black "Rublevsky, Sergei"]
[Result "1/2-1/2"]
[WhiteElo "2535"]
[BlackElo "2585"]

1.e4 c5 2.Nf3 e6 3.d3 Nc6 4.g3 Nge7 5.Bg2 g6 6.d4 cxd4 7.Nxd4 Bg7 8.Be3 d5
9.Nxc6 Nxc6 10.exd5 exd5 11.c3 d4 12.cxd4 Nxd4 13.O-O O-O 14.Nc3 Bf5 15.Rc1 Qb6  1/2-1/2

[Event "Kurgan"]
[Site "Kurgan"]
[Date "1995.??.??"]
[Round "5"]
[White "Rublevsky, Sergei"]
[Black "Chuprov, A."]
[Result "1-0"]
[WhiteElo "2585"]
[BlackElo "2420"]

1.e4 e5 2.Nf3 d6 3.d4 Nd7 4.Bc4 Be7 5.dxe5 Nxe5 6.Nxe5 dxe5 7.Qh5 g6 8.Qxe5 Nf6
9.Bh6 Qd6 10.Qxd6 cxd6 11.Nc3 Be6 12.Bb5+ Kd8 13.f3 a6 14.Ba4 b5 15.Bb3 b4
16.Ne2 Nd7 17.Nd4 Nc5 18.Nc6+ Kd7 19.Nxb4 Rhb8 20.Nd5 Nxb3 21.axb3 Bxd5 22.exd5 Bf6
23.Bd2 Bxb2 24.Ra5 Rb5 25.Kd1 Be5 26.f4 Bd4 27.Ke2 Bb6 28.Rxb5 axb5 29.Kd3 Rc8
30.Ra1 Re8 31.Re1 Rc8 32.f5 Rc5 33.c4 bxc4+ 34.bxc4 Rc8 35.Rf1 Ra8 36.fxg6 fxg6
37.Rf7+ Ke8 38.Rxh7 Ra3+ 39.Ke4 Ra4 40.Rg7 Rxc4+ 41.Kf3 Rd4 42.Bf4 Rxd5 43.Rxg6 Bc5
44.Ke4 Rd1 45.Kf5 Kf7 46.Rf6+ Kg7 47.h4 Rf1 48.Re6 Kf7 49.g3 d5 50.h5 d4
51.h6 d3 52.Rf6+ Ke7 53.h7 Rh1 54.Bh6 d2 55.h8=Q Rh5+ 56.Kg6 d1=Q 57.Rf7+  1-0

[Event "Kurgan"]
[Site "Kurgan"]
[Date "1995.??.??"]
[Round "6"]
[White "Vorontsov, Nickolay"]
[Black "Rublevsky, Sergei"]
[Result "1/2-1/2"]
[WhiteElo "2360"]
[BlackElo "2585"]

1.e4 c5 2.Nf3 e6 3.d4 cxd4 4.Nxd4 a6 5.Bd3 Nf6 6.O-O d6 7.f4 Nbd7 8.Kh1 b5
9.a4 bxa4 10.Nc3 Bb7 11.f5 e5 12.Nde2 Nc5 13.Ng3 h5 14.Bg5 h4 15.Nh5 h3 16.Nxf6+ gxf6
17.Be3 hxg2+ 18.Kxg2 Qc7 19.Qe2 Bh6 20.Bxc5 Qxc5 21.Kh1 Bf4 22.Rf2 Ke7 23.Bc4 a3
24.bxa3 Qd4 25.Rb1 Rab8 26.Rb3 Rhc8 27.Nd5+ Bxd5 28.Bxd5 Rxb3 29.cxb3 Rh8
30.Qf1 Qc3 31.Qd1 Rc8 32.Bc4 Rg8 33.Qd5 Rg7 34.Qb7+ Kd8  1/2-1/2

[Event "Kurgan"]
[Site "Kurgan"]
[Date "1995.??.??"]
[Round "7"]
[White "Rublevsky, Sergei"]
[Black "Predein, V."]
[Result "1-0"]
[WhiteElo "2585"]
[BlackElo "2355"]

1.e4 d6 2.d4 Nf6 3.Nd2 g6 4.Ngf3 Bg7 5.Be2 O-O 6.O-O Nbd7 7.c3 e5 8.Qc2 Qe7
9.Re1 Nh5 10.g3 Nb6 11.a4 a5 12.b3 Re8 13.dxe5 dxe5 14.Nf1 h6 15.Ne3 Bh3
16.Ba3 Qf6 17.Rad1 Rad8 18.c4 Rxd1 19.Rxd1 Rd8 20.c5 Rxd1+ 21.Qxd1 Nd7 22.Qd2 Bf8
23.Qxa5 Qc6 24.Nd5 Bxc5 25.Bb5 Qd6 26.Bxd7  1-0

[Event "Kurgan"]
[Site "Kurgan"]
[Date "1995.??.??"]
[Round "8"]
[White "Balashov, Yuri S"]
[Black "Rublevsky, Sergei"]
[Result "1/2-1/2"]
[WhiteElo "2505"]
[BlackElo "2585"]

1.e4 c5 2.Nf3 e6 3.Nc3 a6 4.g3 b5 5.Bg2 Bb7 6.Qe2 Nc6 7.O-O d6 8.b3 Nf6 9.Bb2 Be7
10.a4 b4 11.Nd1 O-O 12.e5 Nxe5 13.Nxe5 Bxg2 14.Kxg2 dxe5 15.Bxe5 Qd5+ 16.f3 Rfd8
17.d3 Ng4 18.Bb2 Bf6 19.Re1 Bxb2 20.Nxb2 Nf6 21.Nc4 Qc6 22.Kg1 Rd4 23.Qg2 Rad8
24.f4 Qxg2+ 25.Kxg2 Kf8 26.Re2 Ng8 27.Rae1 Ne7 28.Ne5 R4d6 29.g4 Nc6 30.Nxc6  1/2-1/2

[Event "Kurgan"]
[Site "Kurgan"]
[Date "1995.??.??"]
[Round "10"]
[White "Pospelov, Evgeny"]
[Black "Rublevsky, Sergei"]
[Result "1/2-1/2"]
[WhiteElo "2385"]
[BlackElo "2585"]

1.d4 d5 2.c4 dxc4 3.Nf3 a6 4.a4 Nf6 5.e3 e6 6.Bxc4 c5 7.O-O Nc6 8.dxc5 Bxc5
9.Qxd8+ Kxd8 10.Nbd2 Ke7 11.b3 Rd8 12.Bb2 b6 13.Rfd1 Bb7 14.Rac1 Rac8  1/2-1/2

[Event "Novgorod op"]
[Site "Novgorod"]
[Date "1995.??.??"]
[Round "3"]
[White "Volzhin, Alexander"]
[Black "Rublevsky, Sergei"]
[Result "1/2-1/2"]
[WhiteElo "2425"]
[BlackElo "2585"]

1.d4 d5 2.c4 c6 3.Nf3 Nf6 4.Nc3 a6 5.cxd5 cxd5 6.Bf4 Nc6 7.Rc1 Ne4 8.Ne5 Nxc3
9.Rxc3 Bd7 10.Qb3 f6 11.Nxc6 Bxc6 12.e3 e6 13.Bd3 Be7 14.O-O Kf7 15.Rfc1 Qd7
16.Qd1 g6  1/2-1/2

[Event "Novgorod op"]
[Site "Novgorod"]
[Date "1995.??.??"]
[Round "4"]
[White "Rublevsky, Sergei"]
[Black "Levin, Felix"]
[Result "1-0"]
[WhiteElo "2585"]
[BlackElo "2485"]

1.e4 c5 2.Nf3 Nc6 3.d4 cxd4 4.Nxd4 Nf6 5.Nc3 d6 6.Bc4 Qb6 7.Nb3 e6 8.Bf4 Ne5
9.Be2 a6 10.Be3 Qc7 11.f4 Nc4 12.Bxc4 Qxc4 13.Qf3 Qc7 14.O-O-O b5 15.a3 Bb7
16.f5 exf5 17.Qxf5 Be7 18.Bd4 O-O 19.Rd3 Rac8 20.Rg3 Qd8 21.Rf1 Ne8 22.Na5 Ba8
23.Nd5 Bh4 24.Rg4 g6 25.Bb6 Ng7 26.Bxd8 gxf5 27.Rxg7+ Kxg7 28.Bxh4 fxe4 29.Ne7 Rc5
30.Nb3 Rh5 31.Bf6+ Kh6 32.Nd4  1-0

[Event "Novgorod op"]
[Site "Novgorod"]
[Date "1995.??.??"]
[Round "6"]
[White "Rublevsky, Sergei"]
[Black "Balashov, Yuri S"]
[Result "1/2-1/2"]
[WhiteElo "2585"]
[BlackElo "2505"]

1.e4 d6 2.d4 Nf6 3.Nd2 e5 4.c3 g6 5.Ngf3 Qe7 6.dxe5 dxe5 7.Bc4 Bg7 8.O-O O-O
9.a4 Nh5 10.Re1 Nf4 11.g3 Nh3+ 12.Kg2 Nc6 13.Nf1 Nd8 14.b3 Qf6 15.Ne3 c6
16.Ba3 Re8 17.Bd6 h5 18.Rf1 Kh7 19.Be2 Qe6 20.Bc4 Qf6 21.Be2 Qe6 22.a5 Qd7
23.Nc4 f6 24.Bb4 Nf7 25.Qxd7 Bxd7 26.Rfd1 Bg4 27.Ne3 Bc8 28.Bc4 Nfg5 29.Nd2 f5
30.f3 Bh6 31.Be2 Bf8 32.Bxf8 Rxf8 33.exf5 gxf5 34.Nec4 f4 35.Nxe5 Bf5 36.Ndc4 Rae8
37.Bd3 Re7 38.Bxf5+ Rxf5 39.Re1 b5 40.axb6 axb6 41.Nxc6 Rxe1 42.Rxe1 fxg3
43.Nd4 Nf4+ 44.Kxg3 Rf8 45.Re7+ Kh6 46.Nd6 Ngh3 47.N6f5+ Kg5 48.Re4 h4+ 49.Nxh4 Rg8
50.Rxf4 Nxf4 51.Nhf5 Ne2+ 52.Nxe2 Kxf5+ 53.Kf2 Rh8 54.Nd4+ Kf4 55.Ke2 Rxh2+
56.Kd3 Rh5 57.Kc4 Rc5+ 58.Kb4 Ke3 59.Ne6 Rc6 60.Nd8 Rf6 61.c4 Kd3  1/2-1/2

[Event "Novosibirsk"]
[Site "Novosibirsk"]
[Date "1995.??.??"]
[Round "2"]
[White "Kharlov, Andrei"]
[Black "Rublevsky, Sergei"]
[Result "0-1"]
[WhiteElo "2555"]
[BlackElo "2595"]

1.e4 c5 2.c3 e6 3.d4 d5 4.exd5 exd5 5.Nf3 Nc6 6.Bb5 Bd6 7.dxc5 Bxc5 8.O-O Ne7
9.Nbd2 O-O 10.Nb3 Bb6 11.Re1 Nf5 12.Bd3 Bc7 13.Bc2 g6 14.Bxf5 Bxf5 15.Bh6 Re8
16.Rxe8+ Qxe8 17.Nfd4 Qe5 18.g3 Bb6 19.Bf4 Qf6 20.Kg2 Re8 21.Be3 Bd7 22.Nc2 Ne5
23.Bxb6 Bg4 24.Qd4 Bf3+ 25.Kf1 Qf5 26.Ne1 Nc6 27.Qh4 g5 28.Qh6 Re6 29.Qxe6 fxe6
30.Nd4 Nxd4 31.Bxd4 Bg4 32.Bxa7 d4 33.Kg1 Qb5 34.b3 dxc3 35.Bd4 Bh3 36.Nc2 Qd5
37.f3 Qxf3 38.Ne3 e5 39.Bc5 Qe2 40.Rc1 Qd2 41.Rd1 Qxd1+  0-1

[Event "St Petersburg op"]
[Site "St Petersburg"]
[Date "1995.??.??"]
[Round "1"]
[White "Rublevsky, Sergei"]
[Black "Volzhin, Alexander"]
[Result "1-0"]
[WhiteElo "2585"]
[BlackElo "2425"]

1.e4 c6 2.d4 d5 3.Nd2 dxe4 4.Nxe4 Nd7 5.Bc4 Ngf6 6.Ng5 e6 7.Qe2 Nb6 8.Bd3 h6
9.N5f3 c5 10.dxc5 Bxc5 11.Ne5 Nbd7 12.Ngf3 Qc7 13.Bf4 Bb4+ 14.Nd2 Bxd2+ 15.Kxd2 O-O
16.Kc1 Rd8 17.Rd1 Nc5 18.Bc4 Rxd1+ 19.Kxd1 Na4 20.c3 Qb6 21.Bb3 Nc5 22.Bc2 Bd7
23.Ke1 Nd5 24.Bg3 Be8 25.Nc4 Qa6 26.Nd6 Qxe2+ 27.Kxe2 Ba4 28.Bxa4 Nxa4 29.c4 Nf6
30.b3 Nc5 31.f3 b6 32.Rd1 Ne8 33.Nxe8 Rxe8 34.b4 Na4 35.Rd7 Nc3+ 36.Kd2 Nxa2
37.b5 Ra8 38.Kc2 a6 39.c5 Rc8 40.bxa6 Nb4+ 41.Kd2 bxc5 42.a7 c4 43.Rc7 Rd8+
44.Ke2  1-0

[Event "St Petersburg op"]
[Site "St Petersburg"]
[Date "1995.??.??"]
[Round "6"]
[White "Sakaev, Konstantin"]
[Black "Rublevsky, Sergei"]
[Result "1/2-1/2"]
[WhiteElo "2535"]
[BlackElo "2585"]

1.d4 d5 2.c4 c6 3.Nc3 Nf6 4.cxd5 cxd5 5.Nf3 Nc6 6.Bf4 a6 7.e3 Bg4 8.Be2 Bxf3
9.Bxf3 e6 10.O-O Bd6 11.Bxd6 Qxd6 12.Rc1 O-O 13.a3  1/2-1/2

[Event "St Petersburg op"]
[Site "St Petersburg"]
[Date "1995.??.??"]
[Round "9"]
[White "Rublevsky, Sergei"]
[Black "Kuzmin, Gennadi P"]
[Result "1/2-1/2"]
[WhiteElo "2585"]
[BlackElo "2545"]

1.e4 e5 2.Nf3 d6 3.d4 exd4 4.Nxd4 Nf6 5.Nc3 Be7 6.Bf4 O-O 7.Qd2 d5 8.exd5 Bb4
9.Bc4 Re8+ 10.Nde2 Ne4 11.Qd3 Qf6 12.O-O Nd6 13.Bxd6 cxd6 14.Ne4 Qg6 15.N2g3 Nd7
16.f4 Nc5 17.Nxc5 Bxc5+ 18.Kh1 Bd7 19.Rae1 a6 20.Qxg6 hxg6 21.Ne4 Bb4 22.c3 Bf5
23.Bd3 Ba5 24.Nf2 Bd7 25.g3 b5 26.Kg2 Kf8 27.Ne4 Bf5 28.Nf2 Bd7 29.Kf3 Bb6
30.h4 Rad8  1/2-1/2

[Event "JUG-chT"]
[Site "Tivat"]
[Date "1995.??.??"]
[Round "3"]
[White "Miladinovic, Igor"]
[Black "Rublevsky, Sergei"]
[Result "1-0"]
[WhiteElo "2555"]
[BlackElo "2595"]

1.d4 d5 2.Bg5 c6 3.e3 h6 4.Bh4 Qb6 5.Qc1 e5 6.Nf3 e4 7.Nfd2 Be6 8.c4 Nd7
9.Nc3 Ne7 10.Bg3 a6 11.h4 Nf5 12.Bf4 h5 13.Qc2 Be7 14.g3 O-O 15.Be2 g6 16.O-O-O Rfc8
17.Kb1 Qd8 18.Rhg1 b5 19.c5 Nf6 20.f3 exf3 21.Nxf3 Ng4 22.Qc1 f6 23.Ka1 Qd7
24.Rgf1 Re8 25.Bd3 Rad8 26.e4 dxe4 27.Bxe4 Bc4 28.d5 b4 29.dxc6 Qe6 30.Rxd8 Bxd8
31.Re1 bxc3 32.Bxf5 Qxc6 33.Qxc3 Rxe1+ 34.Nxe1 Bf7 35.Bc2 g5 36.Bd6 gxh4
37.Qd3 f5 38.Qxf5 Nf6 39.Qg5+ Kh8 40.Qh6+  1-0

[Event "JUG-chT"]
[Site "Budva"]
[Date "1996.??.??"]
[Round "2"]
[White "Rublevsky, Sergei"]
[Black "Komarov, Dimitri"]
[Result "1-0"]
[WhiteElo "2610"]
[BlackElo "2530"]

1.e4 e6 2.d4 d5 3.Nd2 c5 4.exd5 Qxd5 5.dxc5 Bxc5 6.Ngf3 Nf6 7.Bd3 O-O 8.Qe2 Nbd7
9.b3 Ng4 10.O-O Nde5 11.Be4 Nxf3+ 12.Nxf3 Qh5 13.Bf4 Nf6 14.Rad1 Qg4 15.Qc4 b5
16.Qxc5 Nxe4 17.Qc6 Qxf4 18.Qxa8 Nc3 19.Qxa7 Nxd1 20.Rxd1 e5 21.Qe3 Qxe3
22.fxe3 f6 23.Rd5 Ba6 24.Nd2 Re8 25.Rd6 Bb7 26.c4 Ra8 27.a3 bxc4 28.Nxc4 Be4
29.a4 Bc2 30.Rb6 h5 31.Kf2 Rd8 32.a5 Rd1 33.a6 Ra1 34.Nd6 Bd3 35.b4 h4 36.g3 Ra2+
37.Kf3 Bxa6 38.b5 Bxb5 39.Nxb5 Rxh2 40.g4 Rh3+ 41.Ke4 Rg3 42.Kf5 Kh7 43.e4 Rf3+
44.Ke6 Rg3 45.g5 Rg4 46.Rb7 Kg8 47.Ra7 h3 48.Ra3 Kh7 49.Kf7  1-0

[Event "JUG-chT"]
[Site "Budva"]
[Date "1996.??.??"]
[Round "4"]
[White "Rublevsky, Sergei"]
[Black "Aleksic, Nenad2"]
[Result "1-0"]
[WhiteElo "2610"]
[BlackElo "2330"]

1.e4 c5 2.Nf3 d6 3.d4 cxd4 4.Nxd4 Nf6 5.f3 e5 6.Nb3 d5 7.Bg5 Be6 8.Bxf6 gxf6
9.exd5 Qxd5 10.Qxd5 Bxd5 11.Nc3 Bb4 12.O-O-O Bxb3 13.cxb3 Bxc3 14.bxc3 Ke7
15.Bd3 Nd7 16.Bf5 Rad8 17.Rd5 Nf8 18.Rxd8 Kxd8 19.Rd1+ Kc7 20.Kd2 Ne6 21.Ke3 h6
22.g3 Re8 23.b4 Re7 24.a4 Ng7 25.g4 Ne6 26.a5 Rd7 27.Rxd7+ Kxd7 28.h4 Kc6
29.Be4+ Kc7 30.Bd5 Nd8 31.Ke4 Kd6 32.c4 b6 33.axb6 axb6 34.Kf5  1-0

[Event "RUS-ch"]
[Site "Elista"]
[Date "1996.??.??"]
[Round "2"]
[White "Rublevsky, Sergei"]
[Black "Shariyazdanov, Andrey"]
[Result "1-0"]
[WhiteElo "2645"]
[BlackElo "2470"]

1.e4 c5 2.Nf3 Nc6 3.d4 cxd4 4.Nxd4 Nf6 5.Nc3 e5 6.Ndb5 d6 7.a4 a6 8.Na3 Be7
9.Bg5 Bg4 10.Qd2 O-O 11.Bc4 h6 12.Bxf6 Bxf6 13.Nd5 Bg5 14.Qd3 Nd4 15.c3 Ne6
16.h3 Bh5 17.O-O Kh8 18.b4 Bg6 19.Rad1 a5 20.Bb3 axb4 21.cxb4 f5 22.Nb5 fxe4
23.Qb1 Ra6 24.f3 Nf4 25.fxe4 Bh5 26.Rde1 Bh4 27.Re3 Qg5 28.Qb2 Raa8 29.Nbc7 Nxg2
30.Rxf8+ Rxf8 31.Ne6 Rf1+ 32.Kh2 Qg6 33.Ne7 Bxe7 34.Rg3 Rh1+ 35.Kxg2 Rg1+
36.Kxg1 Qxg3+ 37.Qg2 Qe3+ 38.Kh2 Bf6 39.Qc2 Qe2+ 40.Qxe2 Bxe2 41.a5 Bh4 42.Bd5 Ba6
43.Nc7 Bd8 44.Ne6 Bh4 45.Nc7 Bd8 46.Ne8 Kh7 47.Kg3 g5 48.Bf7 Be7 49.Nc7 Bd8
50.Nxa6 bxa6 51.Bc4 Kg7 52.Bxa6 d5 53.exd5 Be7 54.Bc8 Bxb4 55.a6 Bc5 56.Kf3 Kf6
57.d6 h5 58.Ke4 Bd4 59.Kd5 Kf7 60.Bf5 Kf6 61.Kc6 g4 62.hxg4 hxg4 63.Bxg4  1-0

[Event "RUS-ch"]
[Site "Elista"]
[Date "1996.??.??"]
[Round "6"]
[White "Rublevsky, Sergei"]
[Black "Fominyh, Alexander"]
[Result "1-0"]
[WhiteElo "2645"]
[BlackElo "2535"]

1.e4 c5 2.Nf3 e6 3.c4 Nc6 4.Nc3 Nf6 5.Be2 Qc7 6.d4 cxd4 7.Nxd4 a6 8.O-O Bb4
9.Bg5 Qd6 10.Nxc6 Qxd1 11.Nxd1 dxc6 12.e5 Nd7 13.Bf4 Bc5 14.Re1 Bd4 15.Bf3 c5
16.Nc3 Ke7 17.Rad1 Ra7 18.Rd2 Nb6 19.Be2 Bd7 20.Ne4 Bc6 21.Bg5+ Kf8 22.b4 h6
23.Nxc5 Bxf2+ 24.Kxf2 hxg5 25.Rd8+ Be8 26.Red1 Rh4 27.Rb8 Ra8 28.Rxa8 Nxa8
29.Nxb7 Nb6 30.Nd6 Bc6 31.Nc8 Rf4+ 32.Kg3 Nd7 33.b5 axb5 34.cxb5 Bd5 35.Bf3 Nc5
36.Nd6 Bxa2 37.Rc1 Nd3 38.Rc8+ Ke7 39.Rc7+ Kd8 40.Ra7 Bd5 41.Nxf7+  1-0

[Event "Moscow PCA-GP"]
[Site "Moscow"]
[Date "1996.??.??"]
[Round "2.1"]
[White "Anand, Viswanathan"]
[Black "Rublevsky, Sergei"]
[Result "1/2-1/2"]
[WhiteElo "2725"]
[BlackElo "2610"]

1.d4 d5 2.Nf3 e6 3.c4 dxc4 4.e3 Nf6 5.Bxc4 c5 6.Qe2 a6 7.dxc5 Bxc5 8.O-O b5
9.Bd3 Nc6 10.Rd1 Qb6 11.Nbd2 Bb7 12.Nb3 O-O 13.Nxc5 Qxc5 14.Bd2 Rfd8 15.Rac1 Qh5
16.e4 Rac8 17.h3 Nd7 18.Qe3 Nce5 19.Be2 Nc4 20.Bxc4 bxc4 21.Bc3 Nc5 22.Rxd8+ Rxd8
23.Nd2 Nd3 24.Rb1 Qb5 25.b3 Qc5 26.Qg3 e5 27.Nxc4 Bxe4 28.Rd1 f6 29.Ba5 Rd5
30.Bb6 Qc6 31.f3 Nf4 32.Qe1 Bd3 33.Be3 Bxc4 34.Bxf4 Bxb3 35.axb3 Rxd1 36.Qxd1 exf4
37.Qd4 g5 38.Kh2 Kg7 39.b4 Kg6 40.Qd3+ Kg7 41.Qd4 h5 42.Qd3 Qb5 43.Qd4 Kg6
44.Qe4+ Qf5 45.Qe8+ Kg7  1/2-1/2

[Event "Moscow PCA qual"]
[Site "Moscow"]
[Date "1996.??.??"]
[Round "10"]
[White "Rublevsky, Sergei"]
[Black "Zvjaginsev, Vadim"]
[Result "1-0"]
[WhiteElo "2610"]
[BlackElo "2585"]

1.e4 d6 2.d4 Nf6 3.Nd2 e5 4.c3 g6 5.Ngf3 Nbd7 6.Be2 Bg7 7.O-O O-O 8.Qc2 Re8
9.Rd1 Qe7 10.Bf1 exd4 11.cxd4 c5 12.Re1 cxd4 13.Nxd4 a6 14.N2b3 Nc5 15.Bg5 h6
16.e5 hxg5 17.exf6 Qxe1 18.Rxe1 Rxe1 19.fxg7 Nxb3 20.Qxb3 Bf5 21.Nxf5 gxf5
22.f3 b5 23.Qd5 Rc8 24.Qxd6 Kxg7 25.Qxa6 Rc5 26.Qb6 Rd5 27.Qc6 Red1 28.h3 f4
29.a3 Re5 30.Qc3 f6 31.Kf2 Re3 32.Qc2 Rd5 33.Be2 Kh6 34.Qc6 Rf5 35.Qd6 Kg7
36.Qd7+  1-0